summary of the federal hihway adminstation symposium on overcoming barriers to public private partnership (Record no. 543405)
[ view plain ]
| 000 -LEADER | |
|---|---|
| fixed length control field | 00451nam a22001217a 4500 |
| 082 ## - DEWEY DECIMAL CLASSIFICATION NUMBER | |
| Classification number | 388.4042 |
| Author Mark | SUM |
| -- | D |
| 100 ## - MAIN ENTRY--PERSONAL NAME | |
| Personal name | Fedral hihway administration |
| 9 (RLIN) | 38758 |
| 245 ## - TITLE STATEMENT | |
| Title | summary of the federal hihway adminstation symposium on overcoming barriers to public private partnership |
| Statement of responsibility, etc. | Fedral hihway administration |
| 260 ## - PUBLICATION, DISTRIBUTION, ETC. | |
| Place of publication, distribution, etc. | Washigton, DC |
| Name of publisher, distributor, etc. | Apogee research inc |
| Date of publication, distribution, etc. | 1994 |
| 526 ## - STUDY PROGRAM INFORMATION NOTE | |
| Program name | 0 |
| Interest level | 0 |
| Reading level | 0 |
| Title point value | 388_404200000000000_SUM |
| 650 ## - SUBJECT ADDED ENTRY--TOPICAL TERM | |
| Topical term or geographic name entry element | NUST |
| 9 (RLIN) | 6342 |
| 942 ## - ADDED ENTRY ELEMENTS (KOHA) | |
| Source of classification or shelving scheme | |
| Koha item type | Book |
| Withdrawn status | Lost status | Source of classification or shelving scheme | Damaged status | Not for loan | Permanent Location | Current Location | Date acquired | Total Checkouts | Full call number | Barcode | Date last seen | Price effective from | Koha item type |
|---|---|---|---|---|---|---|---|---|---|---|---|---|---|
| Military College of Engineering (MCE) | Military College of Engineering (MCE) | 03/21/2014 | 388.4042 SUM | MCE-42136 | 03/21/2014 | 03/21/2014 | Book |
